|
|
|
|
| LEADER |
01176nam a2200373 4500 |
| 001 |
DLU090097491 |
| 005 |
##20091201 |
| 040 |
# |
# |
|a DLU
|b eng
|
| 041 |
# |
# |
|a eng
|
| 044 |
# |
# |
|a us
|
| 245 |
# |
# |
|a Femtomolar detection of prostate-specific antigen : An immunoassay based on surface-enhanced raman scattering and immunogold labels /
|c Desiree S. Grubisha ... [et al.].
|
| 653 |
# |
# |
|a Chemisorption
|
| 653 |
# |
# |
|a Gold
|
| 653 |
# |
# |
|a Immunological method
|
| 653 |
# |
# |
|a Monolayer
|
| 653 |
# |
# |
|a Nanoparticles
|
| 653 |
# |
# |
|a Prostate specific antigen
|
| 653 |
# |
# |
|a Surface enhanced raman spectrometry
|
| 653 |
# |
# |
|a Ultratrace compounds
|
| 700 |
# |
# |
|a Driskell, Jeremy.
|
| 700 |
# |
# |
|a Grubisha, Desiree S.
|
| 700 |
# |
# |
|a Lipert, Robert J.
|
| 700 |
# |
# |
|a Park, Hye-Young.
|
| 700 |
# |
# |
|a Porter, Marc D.
|
| 773 |
# |
# |
|t Analytical Chemistry
|g Vol. 75, no. 21 (November 2003), p. 5936-5943
|
| 920 |
# |
# |
|a Phòng Tạp chí -- Trung tâm Thông tin - Thư viện Trường Đại học Đà Lạt
|
| 994 |
# |
# |
|a DLU
|
| 900 |
# |
# |
|a True
|
| 911 |
# |
# |
|a Trương Bảo Trâm Anh
|
| 925 |
# |
# |
|a G
|
| 926 |
# |
# |
|a A
|
| 927 |
# |
# |
|a BB
|
| 980 |
# |
# |
|a Thư viện Trường Đại học Đà Lạt
|